TV Plot Haikus III Quiz Stats

 Plays Quiz Updated Jan 23, 2013

Score 0/20 Timer 06:00
0 Plays Today
Haiku Show % Correct
Three guys and three girls / Episodes start with 'The One...' / Bad 'Joey' spin-off Friends
95%
Life in Manhattan / He's Just Not That Into You / Carrie Bradshaw WritesSex and the City
86.8%
Out in the boonies / Must outwit, outplay, outlast / The tribe has spokenSurvivor
86.5%
[Add name], come on down! / Holler and give host a kiss / Skinny microphoneThe Price is Right
85.7%
Teams based on bloodlines / Each team gets their chance to go/ They wait...'survey says'Family Feud
83.5%
Dad makes weird dog noise / Jonathan Taylor Thomas / Neighbor's face hiddenHome Improvement
83%
Lady meets fellow / Six kids all of a sudden / More birth control, pleaseThe Brady Bunch/Step By Step
81.4%
Japanimation / Pikachu in a haiku! / Gotta catch 'em allPokémon
79.4%
Zelda and Hilda / Coach half-witch in magic spells / Talking cat robotSabrina The Teenage Witch
76.3%
Gargamel wants soup / Papa, Brainy, and Jokey / a.k.a Les SchtroumpfsThe Smurfs
67.4%
Haiku Show % Correct
Flight around the world / Detours, Roadblocks, Fast Forwards / Bite partner's head offThe Amazing Race
64.6%
A police drama / You see Dennis Franz's butt / This brings in ratings?NYPD Blue
62.4%
Dress up your model / 'Make it work' and 'Carry on' / Heidi might 'Auf' youProject Runway
61.9%
Funeral business / Dad dies in first episode / Gives ghostly adviceSix Feet Under
61.2%
McNamara/Troy / Beauty's a curse on the world / Plastic surgeryNip/Tuck
60.5%
Founder of Buzz Beer / Kate, Lewis, Oswald, and Wick / Mimi collects trollsThe Drew Carey Show
57.2%
Tropicana Club / Vitameatavegamin / McGillicuddyI Love Lucy
52.4%
She buys 'Buy The Book' / Leaves figurative closet / Gay icon is bornEllen
50.4%
Must save Angel Grove / Red, blue, pink, black, and yellow / Saber Tooth Tiger!!Mighty Morphin Power Rangers
46.3%
Uncle gets three brats / Complains to America / Loves his Baby GirlThe Bernie Mac Show
17.1%

You're not logged in!

Compare scores with friends on all Sporcle quizzes.
OR
Log In

Sporcle TV

Today on Sporcle TV


Watch our educational content, quiz creation guides, and fun videos on Sporcle TV.

Show Comments

Extras

Top Quizzes Today


Score Distribution

Your Account Isn't Verified!

In order to create a playlist on Sporcle, you need to verify the email address you used during registration. Go to your Sporcle Settings to finish the process.

Report this User

Report this user for behavior that violates our Community Guidelines.

Details: